000 00922naa a22002537u 4500
001 07097
003 HDC
007 cr bn ---aaaaa
008 210126s1994 ilu a eng
040 _aHDC
245 0 _aProceedings of the World Conference on Lauric Oils: Sources, Processing, and Applications :
_bThe Fractionation of Lauric Oil Components for Cocoa Butter Substitutes /
_cby Soon Wong
260 _aChampaign, Illinois :
_bAOCS Press,
_c1994
300 _a4 pages
336 _atext
_2rdacontent
337 _acomputer
_2rdamedia
338 _aonline resource
_2rdacarrier
500 _aOriginal from book
650 _aCoconut oil
_97584
650 _aPalm oil
_9212
856 _zRequest full-text at [email protected]
942 _2lcc
942 _cCHAP
942 _kEBCH 000482
999 _c4421
_d4421